00416 2200169 4500001002100000035002000021245004500041100001400086250001400100260003900114300002200153024001200175084000800187520001400195082001800209990001900227INLIS000000000003566 a0010-0824000065 aEnsiklopedia Pahlawan Nasional Indonesia aNur Asiah aJakarta : aMediantara Semestab2020c154 hlm. c978-979-1276-90-0 a959.802 aind aNon Fiksi a959.802 NUR e aP29/CP/24/3565